| 000 | 02207nam a2200361 i 4500 | ||
|---|---|---|---|
| 001 | 60885 | ||
| 003 | CO-BoRNBP | ||
| 005 | 20260508203108.0 | ||
| 007 | ta | ||
| 008 | 210823r20172016ck er 000 f spa d | ||
| 020 | _a9789588979113 | ||
| 040 |
_aCO-BoRNBP _bspa _erda _cCO-BoRNBP |
||
| 041 | 0 | _aspa | |
| 043 | _as-ck--- | ||
| 084 | _aN | ||
| 100 | 1 |
_aGarcía Ángel, Antonio, _d1972- , _eaut _969691 |
|
| 245 | 1 | 0 |
_aDeclive / _cAntonio García Ángel. |
| 250 |
_aPrimera edición. _bTercera reimpresion |
||
| 264 | 1 |
_aBogotá, Colombia : _bEditorial Penguin Random House, _c2016, _c2017. |
|
| 300 |
_a129 páginas ; _c23 cm. |
||
| 336 |
_atexto _btxt _2rdacontent |
||
| 337 |
_asin mediación _bn _2rdamedia |
||
| 338 |
_avolumen _bnc _2rdacarrier |
||
| 490 | 0 | _aLiteratura Random House | |
| 520 | 3 | _aUn día más. Son las cinco de la tarde y suena el despertador. Jorge debe apresurarse: su turno en el call center en el que trabaja empieza a las seis, y además de alistarse debe caminar hasta la estación de Transmilenio y tomar un bus, una empresa de duración incierta. Así que se despereza, se baña, se viste, pero cuando está terminando ocurre algo inesperado: no le entra el zapato que intenta ponerse. Prueba entonces con el otro, y tampoco. Mira los zapatos, se mira los pies, y no entiende: los zapatos son los de antes de la siesta, y los pies no parecen hinchados. Extrañado y ya de afán, va por otros pares y lo mismo: no le caben. Sus pies, aparentemente, están más grandes. Sin tiempo para otros intentos, Jorge salta a la calle con los zapatos a medio calzar y se dirige a toda carrera, incómodo y pensativo, a la estación de buses, sin imaginarse nunca que esa pequeña y misteriosa anomalía de sus pies es el primer síntoma de su declive. (Tomado de la fuente). | |
| 521 | 1 | _aRecomendado para un público mayor de 15 años. | |
| 650 | 1 | 7 |
_aNovela colombiana _ySiglo XXI _2rnbp _91602 |
| 650 | 1 | 7 |
_aLiteratura colombiana _ySiglo XXI _2rnbp _965 |
| 650 | 1 | 7 |
_aVida cotidiana en la literatura _2rnbp |
| 650 | 1 | 7 |
_aRelaciones familiares en la literatura _2rnbp _vNovela _969692 |
| 650 | 1 | 7 |
_aConflictos Interpersonales en la literatura _2rnbp _969693 |
| 942 |
_2loc _cBKLIT _n0 |
||
| 999 |
_c60885 _d60885 |
||